书目信息 |
| 题名: |
培训技巧:如何教导您的下属
|
|
| 作者: | 米尔德 | |
| 分册: | ||
| 出版信息: | 北京 商务印书馆 2000.01 |
|
| 页数: | 249页 | |
| 开本: | 32开 | |
| 丛书名: | ||
| 单 册: | ||
| 中图分类: | F272.92 | |
| 科图分类: | ||
| 主题词: | 企业经济 | |
| 电子资源: | ||
| ISBN: | 7-100-03005-6 | |
| 000 | 00564nam0 2200193 45 | |
| 001 | 0008030950 | |
| 005 | 20000803095055.3 | |
| 010 | @a7-100-03005-6@d14.50元 | |
| 100 | @a20000803d2000 km y0chiy0120 ea | |
| 101 | 0 | @achi |
| 105 | @a z 000yy | |
| 200 | 1 | @a培训技巧:如何教导您的下属@APei Xun Ji Qiao:Ru He Jiao Dao Nin De Xia Shu@f(英)米尔德@F(Ying)Mi Er De |
| 210 | @a北京@c商务印书馆@d2000.01 | |
| 215 | @a249页@d32开 | |
| 606 | 0 | @a企业经济 |
| 690 | @aF272.92@v3 | |
| 701 | 0 | @a米尔德 |
| 801 | @aCN@bPftUser@c20000803 | |
| 905 | @b86005-009@dF272.92@eP375@f5 | |
| 培训技巧:如何教导您的下属/(英)米尔德.-北京:商务印书馆,2000.01 |
| 249页;32开 |
| ISBN 7-100-03005-6:14.50元 |
| ● |
| 相关链接 |
|
|
|
正题名:培训技巧:如何教导您的下属
索取号:F272.92/P375
 
预约/预借
| 序号 | 登录号 | 条形码 | 馆藏地/架位号 | 状态 | 备注 |
| 1 | 86005 | 200860050 | 社科库409/409社科库 90排2列5层/ [索取号:F272.92/P375] | 在馆 | |
| 2 | 86006 | 200860069 | 社科库409/409社科库 90排2列5层/ [索取号:F272.92/P375] | 在馆 | |
| 3 | 86007 | 200860078 | 社科库409/ [索取号:F272.92/P375] | 在馆 | |
| 4 | 86008 | 200860087 | 社科库409/409社科库 90排2列5层/ [索取号:F272.92/P375] | 在馆 | |
| 5 | 86009 | 200860096 | 社科库409/409社科库 90排2列5层/ [索取号:F272.92/P375] | 在馆 |